Felnőtteknek is jó lenne
Elmentve itt :
| Szerző: | |
|---|---|
| Dokumentumtípus: | Cikk |
| Megjelent: |
1976-04-03
|
| Sorozat: | Délmagyarország
66 No. 80 |
| Kulcsszavak: | vasutak, MÁV |
| Online Access: | http://dmarchiv.bibl.u-szeged.hu/110250 |
| LEADER | 00447nab a2200157 i 4500 | ||
|---|---|---|---|
| 001 | delm110250 | ||
| 005 | 20190506124426.0 | ||
| 008 | 190506s1976 hu o 0|| hun d | ||
| 040 | |a SZTE Délmagyarország Archívum |b hun | ||
| 041 | |a hun | ||
| 100 | 1 | |a Szekeres Lipót | |
| 245 | 1 | 0 | |a Felnőtteknek is jó lenne |h [elektronikus dokumentum] / |c Szekeres Lipót |
| 260 | |c 1976-04-03 | ||
| 300 | |a 4 | ||
| 490 | 0 | |a Délmagyarország |v 66 No. 80 | |
| 695 | |a vasutak, MÁV | ||